000 00436cam a2200181ua 4500
020 _c115.00
041 _aeng
_h
082 _a005.43
_bRAJ/WI
100 _aRajesh, Naik .
245 _aWindows 3.1 /
_cRajesh Naik.
_hTextual Documents
260 _aNew Delhi :
_bWheeler publishing ,
_c1996.
300 _a309 ; .
365 _a115.00
504 _a
700 1 _aSwapna, Kishore .
942 _cBK
999 _c9823
_d9823